| 000 | 00000nam##2200000za#4500 |
| 001 | 9.576432 |
| 003 | CaOODSP |
| 005 | 20210624185133 |
| 007 | cr ||||||||||| |
| 008 | 150406|1983||||xxc|||||o f|0| 0 eng|d |
| 040 | |aCaOODSP|beng |
| 043 | |an-cn--- |
| 086 | 1 |aFs97-13/401E-PDF |
| 110 | 1 |aCanada. |bDepartment of Fisheries and Oceans. |
| 245 | 10|aPost-impoundment experimental fishing, Southern Indian Lake, Manitoba – catches (1982) and Triaenophorus crassus cyst counts in the lake whitefish (1978, 1979, 1982) / |h[electronic resource]|cby R.A. Bodaly, C.J. Hrenchuk and R.J.P. Fudge. |
| 260 | |aWinnipeg - Manitoba : |bFisheries and Oceans Canada |c1983. |
| 300 | |a84p.|bfigs., references, tables |
| 490 | 1 |aCanadian data report of fisheries and aquatic sciences|vNo. 401 |
| 500 | |aOn t.p.: Western Region, Winnipeg, Manitoba. Catalogue number of the print edition appears in the PDF version. |
| 546 | |a(Résumé en français) |
| 590 | |a13-12-Supp|b2013-05-10 |
| 720 | 1 |aBodaly, R. A. |
| 720 | 1 |aFudge, R. J. P. |
| 720 | 1 |aHrenchuk, C. J. |
| 830 | #0|aCanadian data report of fisheries and aquatic sciences ;|vNo. 401|w(CaOODSP)9.505124 |
| 856 | 40|ahttp://publications.gc.ca|qPDF|s876 KB|uhttps://publications.gc.ca/collections/collection_2013/mpo-dfo/Fs97-13-401-eng.pdf|yNo. 401 |